00529 2200205 4500001002100000005001700021008004100038035002400079082001100103090001800114100002400132245004800156250001100204260003300215300001900248650002300267850001200290985000600302999001500308YOGYA-0209000006208420090227040016.0 ind  0010-020900000062084 a819.22 a819.22bWir S aWIRYAPANITRA, R. Ng aSerat kidungan kawedhancR. Ng Wiryapanitra aCet. 1 aSemarangbDahara Prizec1995 a147 hlmc16 cm aKesusasteraan Jawa aYOPDYOG a1 a98P0114808